000 00443nam a2200157Ia 4500
008 210716s2011 xx 000 0 und d
020 _a9788122432046
041 _aeng
082 _a519.4 DUKR
100 _aDukkipati, Rao V.
245 _aApplied numerical methods: using matlab.
_bUsing matlab.
250 _a2
260 _aNew Delhi
_bNew Age International Pvt Ltd
_c2011
300 _axxi,904
650 _aNumerical methods & Analysis
999 _c197382
_d197382